Vice Presidents who became President - Statistics

General Stats
  • This quiz has been taken 25 times
  • The average score is 13 of 15
Answer Stats
Answer % Correct
Lyndon Johnson
100%
Andrew Johnson
96%
John Adams
96%
George H. W. Bush
92%
Joe Biden
92%
Richard Nixon
92%
Theodore Roosevelt
92%
Harry Truman
88%
Thomas Jefferson
88%
Gerald Ford
84%
Calvin Coolidge
80%
Chester Arthur
76%
John Tyler
76%
Millard Fillmore
76%
Martin Van Buren
68%
No matching quizzes found
Score Distribution
Percent of People with Each Score
Percentile by Number Answered
Your Score History
You have not taken this quiz